| 000 | 00800nam a2200217Ia 4500 | ||
|---|---|---|---|
| 001 | 11724 | ||
| 003 | GE_BSU | ||
| 008 | 181216s||||||||xx |||||||||||||| ||und|| | ||
| 040 | _cGE_BSU | ||
| 080 | _a37.01(437)(092) | ||
| 100 | _aლორთქიფანიძე,დ. Lortkipanidze,D. | ||
| 245 | _aიან ამოს კომენსკი. Ian Amos Komensky. | ||
| 245 | _cრედ:გ.ჟორჟოლიანი; მხატვ:შ.ნიორაძე. | ||
| 260 | _aთბილისი | ||
| 260 | _bცოდნა | ||
| 260 | _c1964 | ||
| 300 | _a500გვ;22სმ. | ||
| 300 | _bბიბლიოგრ.გვ:452 - სახელთა საძიებ.გვ:492 | ||
| 653 | _aიან ამოს კომენსკი. Ian Amos Komensky. | ||
| 942 | _cBK | ||
| 999 |
_c44905 _d44905 |
||